000 01060nam a22002538i 4500
001 016558258
003 OSt
005 20201128021220.0
008 131108s2014 xxk fr 001 0 eng d
020 _a9780814433546 (pbk.)
040 _aStDuBDS
_beng
_cStDuBDS
_dEG-ScBUE
082 0 0 _a650.144
_222
_bBES
100 1 _aBeshara, Tony,
_d1948-
_937450
245 1 0 _aPowerful phrases for successful interviews :
_bover 400 ready-to-use words and phrases that will get you the job you want /
_cby Tony Beshara ; forword by Phil McGraw.
246 3 _aPowerful phrases for successful interviews :
_bover Four hundred ready-to-use words and phrases that will get you the job you want
260 _aNew York, United States :
_bAMACOM, American Management Association,
_c2014.
300 _axi, 226 p. ;
_c23 cm.
500 _aIndex : p. 221-226.
650 0 _aEmployment interviewing
_91331
653 _bGGEN
_cFebruary2015
655 _vreading book
_934232
700 1 _aMcGraw, Phillip C.,
_eauthor of introduction, etc.
_937451
_d1950-
942 _2ddc
_k650.144 BES
999 _c18998
_d18970